000 00454ntaaa2200181 4500
003 01
005 20251027202712.0
008 0714s1973 ag 01
040 _aAR-BaBN
_bspa
_cAR-BaBN
_eaacr
_dRIC
082 _a922.0000 M76p
100 _aPearson, B. H
_926739
245 _aThe monk who lived again
250 _a1 ed.
260 _aLos Angeles :
_bCowman Pu,
_c19591952
300 _a178 p
650 _aMontaƱo, Walter Manuel
_926740
942 _cBK
999 _c22205
_d22205